000 00748nam a2200205 a 4500
999 _c1440
_d1440
001 1440
003 BD-JhCC
005 20171031181122.0
008 171019s1975 II |||| |||| 000 0 ben d
035 _a(BD-JhCC)1440
040 _aBD-JhCC
_dBD-JhCC
041 _aben
082 _a940.53
_bMUK 1975
100 _aমুখোপধ্যায়, বিবেকানন্দ
245 _aদ্বিতীয় মহাযুদ্ধের ইতিহাস /
_cবিবেকানন্দ মুখোপধ্যায়
260 _aকলকাতা :
_bস্বাক্ষরতা প্রকাশন,
_c১৯৭৫.
300 _a৬৪০ পৃ. :
_c২২ সে.মি.
650 _aWorld War II
942 _2ddc
_cBK